Statistics for Turkey by Picture

Click here to take the quiz!

General Stats

  • This quiz has been taken 101 times
  • The average score is 10 of 16

Answer Stats

Answer% Correct
Mustafa Kemal Atatürk
90%
Black Sea
88%
Izmir
82%
Turkish Airlines
74%
Baklava
73%
Hagia Sophia
69%
Sultan Ahmet Mosque
69%
Anatolia
67%
Turkish Coffee
60%
Mount Ararat
56%
Van Cat
56%
Konya
52%
Cappadocia
44%
Mehmed the Conqueror
44%
Kebap
31%
Ephesus
24%

Score Distribution

Percentile by Number Answered

Percent of People with Each Score

Your Score History

You have not taken this quiz